| 000 | 01337cam a2200337 4500 | ||
|---|---|---|---|
| 001 | 4555436 | ||
| 003 | ARRUPE | ||
| 005 | 20220517082332.0 | ||
| 008 | 720802s1972 enk b 001 0 eng | ||
| 010 | _a 72184772 | ||
| 015 | _aB72-07637 | ||
| 020 | _a0714704687 | ||
| 040 |
_aDLC _cDLC _dDLC |
||
| 041 | 1 | _aengrus | |
| 050 | 0 | 0 |
_aHX314 _b.L352 1972 |
| 082 | 0 | 0 |
_a320.1 _219 |
| 100 | 1 |
_aLenin, Vladimir Ilʹich, _d1870-1924. _95305 |
|
| 240 | 1 | 0 |
_aGosudarstvo i revoli︠u︡t︠s︡ii︠a︡. _lEnglish |
| 245 | 1 | 4 |
_aThe state and revolution: _bthe Marxist theory of the state and the tasks of the proletariat in the revolution, _c(by) V. I. Lenin; (translated from the Russian). |
| 260 |
_aLondon, _bCentral Books, _c(1972) |
||
| 300 |
_a142 p. _c19 cm. |
||
| 350 | _a£0.25 | ||
| 500 | _a"The translation has been taken from the English edition of V. I. Lenins 'Collected works', vol. 25 (London, Lawrence and Wishart, 1965) ... corrections have been made in accordance with the fifth Russian edition of the 'Collected works'" -- publishers' note. | ||
| 504 | _aIncludes bibliographical references. | ||
| 600 | 1 | 0 |
_aMarx, Karl, _d1818-1883. |
| 650 | 0 |
_aSocialism. _919902 |
|
| 650 | 0 | _aState, The. | |
| 650 | 0 |
_aRevolutions. _911132 |
|
| 906 |
_a7 _bcbc _corignew _d3 _encip _f19 _gy-gencatlg |
||
| 942 |
_2lcc _cMONOGRAPH |
||
| 999 |
_c131427 _d131427 |
||